=LDR 00000nam 2200000 4500 =001 INLIS000000000046538 =005 20150406162413.0 =006 =007 =008 =020 ##$$a 978-979-29-2603-3 =035 ##$$0010-041500000000020 =040 ##$$a Ind =082 ##$$a 664.726 =090 ##$$a 664.726$bWul s.3 =100 ##$$a Wulan =245 ##$$a 101++ keajaiban khasiat kedelai =250 ##$$a Ed.I =260 ##$$a Yogyakarta$bAndi$c2011 =300 ##$$a xii +156hlm$b 23cm =850 ##$$a NBPDMAT =990 ##$$a 0001/BPAP-NTB/20142015